000
00262nam a2200109Ia 4500
005
20251222114342.0
008
251222s1900||||xx |||||||||||||| ||spa||
082
_a
DVD0050/C76/2004
245
0
_a
Capitan Sky y el mundo del maƱana
264
_b
Filmauro
942
_c
DVD
999
_c
884
_d
884